| 000 | 00655nam a2200241Ia 4500 | ||
|---|---|---|---|
| 008 | 180523s9999 xx 000 0 und d | ||
| 020 | _a981-4119-01-6 | ||
| 050 | _aMAIN TK 7871.58 | ||
| 050 | _b.O6G39 2000 | ||
| 100 | _aGayakwad, Ramakant A. | ||
| 245 | 0 | _aOp-amps and linear integrated circuits / | |
| 245 | 0 | _cRamakant A. Gayakwad. | |
| 250 | _a4th Edition | ||
| 260 | _aSingapore : | ||
| 260 | _bPearson Education South Asia, | ||
| 260 | _c2000 | ||
| 300 | _a543 pages : | ||
| 300 | _billustrations ; | ||
| 300 | _c23 cm. | ||
| 500 | _aIncludes index. | ||
| 650 | _aOperational amplifiers. | ||
| 650 | _xLinear integrated circuits. | ||
| 999 |
_c357701 _d357701 |
||